INTRODUCTION TO SEMICONDUCTOR TECHNOLOGY, GAAS AND RELATED COMPOUNDS (Record no. 574951)

000 -LEADER
fixed length control field 00328nam a22001217a 4500
020 ## - INTERNATIONAL STANDARD BOOK NUMBER
International Standard Book Number 0-471-63119-3
082 ## - DEWEY DECIMAL CLASSIFICATION NUMBER
Classification number 621.38152 INT
100 ## - MAIN ENTRY--PERSONAL NAME
Personal name WANG,CHENG.T
9 (RLIN) 67101
245 ## - TITLE STATEMENT
Title INTRODUCTION TO SEMICONDUCTOR TECHNOLOGY, GAAS AND RELATED COMPOUNDS
260 ## - PUBLICATION, DISTRIBUTION, ETC.
Place of publication, distribution, etc. NEW YORK
Name of publisher, distributor, etc. JOHN WILEY & SONS
Date of publication, distribution, etc. 1990
300 ## - PHYSICAL DESCRIPTION
Extent 603P
942 ## - ADDED ENTRY ELEMENTS (KOHA)
Koha item type Book
Holdings
Withdrawn status Lost status Damaged status Not for loan Permanent Location Current Location Shelving location Date acquired Total Checkouts Full call number Barcode Date last seen Price effective from Koha item type
        College of Electrical & Mechanical Engineering (CEME) College of Electrical & Mechanical Engineering (CEME) General Stacks 08/01/2017   621.38152 INT CEME-27399 06/28/2021 06/28/2021 Book
© 2023 Central Library, National University of Sciences and Technology. All Rights Reserved.